Flagi miast województwa wielkopolskiego - Statystyki

Ogólne statystyki
  • Ten quiz został rozwiązany 64 razy
  • Średni wynik to 13 z 28
Statystyki odpowiedzi
Obrazkowy Odpowiedź % Poprawnych
Poznań
94%
Kalisz
78%
Konin
78%
Leszno
76%
Gniezno
70%
Koło
68%
Jarocin
62%
Ostrów Wielkopolski
60%
Śrem
58%
Środa Wielkopolska
52%
Turek
52%
Nowy Tomyśl
50%
Krotoszyn
46%
Kościan
44%
Wągrowiec
42%
Szamotuły
40%
Słupca
38%
Oborniki
36%
Wolsztyn
36%
Swarzędz
32%
Międzychód
30%
Trzcianka
30%
Wronki
26%
Rogoźno
16%
Trzemeszno
16%
Lwówek
14%
Murowana Goślina
14%
Nowe Skalmierzyce
12%
Nie znaleziono quizów pasujących do podanych kryteriów
Rozkład punktacji
Procent ludzi z każdym wynikiem
Percentyl według liczby udzielonych odpowiedzi
Twoja historia wyników
Nie rozwiązałeś tego quizu